<?xml version="1.0" encoding="UTF-8"?>
<record
    xmlns:xsi="http://www.w3.org/2001/XMLSchema-instance"
    xsi:schemaLocation="http://www.loc.gov/MARC21/slim http://www.loc.gov/standards/marcxml/schema/MARC21slim.xsd"
    xmlns="http://www.loc.gov/MARC21/slim">

  <leader>04842nam a2200637Ii 4500</leader>
  <controlfield tag="001">DIGFCE0289</controlfield>
  <controlfield tag="003">NyNyDIG</controlfield>
  <controlfield tag="006">m     o  d        </controlfield>
  <controlfield tag="008">170616t20122004mx      ob    000 0 spa d</controlfield>
  <controlfield tag="007">cr |||||||||||</controlfield>
  <datafield tag="035" ind1=" " ind2=" ">
    <subfield code="a">(OCoLC)992773298</subfield>
  </datafield>
  <datafield tag="040" ind1=" " ind2=" ">
    <subfield code="a">DGITA</subfield>
    <subfield code="b">eng</subfield>
    <subfield code="e">rda</subfield>
    <subfield code="e">pn</subfield>
    <subfield code="c">DGITA</subfield>
  </datafield>
  <datafield tag="020" ind1=" " ind2=" ">
    <subfield code="a">9786071611567</subfield>
    <subfield code="q">(eBook ;</subfield>
    <subfield code="q">ePub)</subfield>
  </datafield>
  <datafield tag="020" ind1=" " ind2=" ">
    <subfield code="a">6071611563</subfield>
    <subfield code="q">(eBook ;</subfield>
    <subfield code="q">ePub)</subfield>
  </datafield>
  <datafield tag="020" ind1=" " ind2=" ">
    <subfield code="z">9681673026</subfield>
  </datafield>
  <datafield tag="020" ind1=" " ind2=" ">
    <subfield code="z">9789681673024</subfield>
  </datafield>
  <datafield tag="041" ind1="1" ind2=" ">
    <subfield code="a">spa</subfield>
    <subfield code="h">fre</subfield>
  </datafield>
  <datafield tag="043" ind1=" " ind2=" ">
    <subfield code="a">cl-----</subfield>
    <subfield code="a">e------</subfield>
  </datafield>
  <datafield tag="050" ind1="1" ind2="4">
    <subfield code="a">BX1426.3 ebook</subfield>
  </datafield>
  <datafield tag="082" ind1="0" ind2="4">
    <subfield code="a">230.04098</subfield>
  </datafield>
  <datafield tag="130" ind1="0" ind2=" ">
    <subfield code="a">Modernit&#xE9; religieuse en perspective compar&#xE9;e.</subfield>
    <subfield code="l">Spanish</subfield>
    <subfield code="s">(L&#xF3;pez Vega).</subfield>
  </datafield>
  <datafield tag="245" ind1="0" ind2="3">
    <subfield code="a">La modernidad religiosa :</subfield>
    <subfield code="b">Europa latina y Am&#xE9;rica Latina en persperctiva comparada /</subfield>
    <subfield code="c">Jean-Pierre Bastian (coordinador) ; [traducci&#xF3;n de Dulce Mar&#xED;a L&#xF3;pez Vega]</subfield>
  </datafield>
  <datafield tag="250" ind1=" " ind2=" ">
    <subfield code="a">Primera edici&#xF3;n electr&#xF3;nica.</subfield>
  </datafield>
  <datafield tag="264" ind1=" " ind2="1">
    <subfield code="a">M&#xE9;xico, D.F. :</subfield>
    <subfield code="b">Fondo de Cultura Econ&#xF3;mica,</subfield>
    <subfield code="c">2012.</subfield>
  </datafield>
  <datafield tag="264" ind1=" " ind2="4">
    <subfield code="c">&#xA9;2004</subfield>
  </datafield>
  <datafield tag="300" ind1=" " ind2=" ">
    <subfield code="a">1 online resource :</subfield>
    <subfield code="b">illustrations.</subfield>
  </datafield>
  <datafield tag="336" ind1=" " ind2=" ">
    <subfield code="a">text</subfield>
    <subfield code="b">txt</subfield>
    <subfield code="2">rdacontent</subfield>
  </datafield>
  <datafield tag="337" ind1=" " ind2=" ">
    <subfield code="a">computer</subfield>
    <subfield code="b">c</subfield>
    <subfield code="2">rdamedia</subfield>
  </datafield>
  <datafield tag="338" ind1=" " ind2=" ">
    <subfield code="a">online resource</subfield>
    <subfield code="b">cr</subfield>
    <subfield code="2">rdacarrier</subfield>
  </datafield>
  <datafield tag="490" ind1="0" ind2=" ">
    <subfield code="a">Secci&#xF3;n de obras de historia</subfield>
  </datafield>
  <datafield tag="500" ind1=" " ind2=" ">
    <subfield code="a">Papers of a meeting held October 4-6, 1999 in Strasbourg, France.</subfield>
  </datafield>
  <datafield tag="504" ind1=" " ind2=" ">
    <subfield code="a">Includes bibliographical references.</subfield>
  </datafield>
  <datafield tag="505" ind1="0" ind2=" ">
    <subfield code="a">Catolicismo y liberalismo : las etapas del enfrentamiento por la definici&#xF3;n de la modernidad religiosa en Am&#xE9;rica Latina / Fortunato Mallimaci -- Laicidad y secularizaci&#xF3;n en M&#xE9;xico / Roberto Blancarte -- Las etapas de la laicizaci&#xF3;n en Colombia / Rodolfo Ram&#xF3;n de Roux L&#xF3;pez -- Secularizaci&#xF3;n y laicizaci&#xF3;n en el Uruguay contempor&#xE1;neo (siglos XIX y XX) / Ana Mar&#xED;a Bidegain -- Los umbrales de la laicizaci&#xF3;n en la Europa latina y la recomposici&#xF3;n de lo religioso en la modernidad tard&#xED;a / Jean Baub&#xE9;rot -- Masoner&#xED;a, laicismo y anticlericalismo en la Espa&#xF1;a contempor&#xE1;nea / Jos&#xE9; Antonio Ferrer Benimeli -- Los masones en el proceso de laicizaci&#xF3;n de B&#xE9;lgica (siglos XIX y XX) / Luc Nefontaine -- Masones, librepensadores y umbrales de laicizaci&#xF3;n en el contexto italiano / Aldo Alessandro Mola -- La laicizaci&#xF3;n en perspectiva comparada / Daniele Menozzi -- La recomposici&#xF3;n religiosa de Am&#xE9;rica Latina en la modernidad tard&#xED;a / Jean-Pierre Bastian -- Pentecostalismo y transformaci&#xF3;n religiosa en Guatemala / Sylvie P&#xE9;dron-Colombani -- Sectas y transformaci&#xF3;n religiosa en Brasil / Marion Aubr&#xE9;e -- El nuevo despliegue de la religi&#xF3;n en un contexto pluralista / Roland J. Campiche -- Culturas j&#xF3;venes y religi&#xF3;n : reflexiones te&#xF3;ricas / Yves Bizeul -- El nuevo despliegue de lo religioso entre los estudiantes / Antoine Delestre -- La religi&#xF3;n de los j&#xF3;venes en Espa&#xF1;a / Javier Elzo Imaz -- &#xBF;Individualismo o comunitarismo? / Alain Touraine -- Preguntas en torno a los procesos de recomposici&#xF3;n religiosa / Ana Mar&#xED;a Bidegain -- Entre Europa y Am&#xE9;rica: los logros de las redes ante el reto de las civilidades institucionales / Ariel Colonomos -- El establecimiento de una red de la teolog&#xED;a de la liberaci&#xF3;n / Andr&#xE9; Corten -- Relaciones entre belgas y latinoamericanos en cuanto a la teolog&#xED;a de la liberaci&#xF3;n (1970-1980) / Pierre Sauvage -- Elementos para un enfoque sobre las di&#xE1;sporas del exilio chileno en Europa y las redes religiosas ligadas a la teolog&#xED;a de la liberaci&#xF3;n / Juan Matas -- La revaloraci&#xF3;n de la teor&#xED;a de la secularizaci&#xF3;n mediante la perspectiva comparada Europa Latina-Am&#xE9;rica Latina / Olivier Tschannen.</subfield>
  </datafield>
  <datafield tag="588" ind1="0" ind2=" ">
    <subfield code="a">Online resource; title from ePub title page (Digitalia, viewed June 16, 2017)</subfield>
  </datafield>
  <datafield tag="651" ind1=" " ind2="0">
    <subfield code="a">Latin America</subfield>
    <subfield code="x">Religion</subfield>
    <subfield code="y">21st century</subfield>
    <subfield code="v">Congresses.</subfield>
  </datafield>
  <datafield tag="651" ind1=" " ind2="0">
    <subfield code="a">Europe</subfield>
    <subfield code="x">Religion</subfield>
    <subfield code="y">21st century</subfield>
    <subfield code="v">Congresses.</subfield>
  </datafield>
  <datafield tag="651" ind1=" " ind2="0">
    <subfield code="a">Latin America</subfield>
    <subfield code="x">Religious life and customs.</subfield>
  </datafield>
  <datafield tag="650" ind1=" " ind2="0">
    <subfield code="a">Secularization</subfield>
    <subfield code="z">Latin America.</subfield>
  </datafield>
  <datafield tag="651" ind1=" " ind2="0">
    <subfield code="a">Spain</subfield>
    <subfield code="x">Civilization</subfield>
    <subfield code="x">Latin American influences.</subfield>
  </datafield>
  <datafield tag="651" ind1=" " ind2="0">
    <subfield code="a">Portugal</subfield>
    <subfield code="x">Civilization</subfield>
    <subfield code="x">Latin American influences.</subfield>
  </datafield>
  <datafield tag="650" ind1=" " ind2="0">
    <subfield code="a">Laicism</subfield>
    <subfield code="z">Latin America.</subfield>
  </datafield>
  <datafield tag="651" ind1=" " ind2="0">
    <subfield code="a">Mexico</subfield>
    <subfield code="x">Religion</subfield>
    <subfield code="x">History</subfield>
    <subfield code="y">20th century.</subfield>
  </datafield>
  <datafield tag="650" ind1=" " ind2="0">
    <subfield code="a">Pluralism</subfield>
    <subfield code="x">Religious aspects.</subfield>
  </datafield>
  <datafield tag="650" ind1=" " ind2="0">
    <subfield code="a">Globalization</subfield>
    <subfield code="x">Religious aspects</subfield>
    <subfield code="x">Catholic Church.</subfield>
  </datafield>
  <datafield tag="655" ind1=" " ind2="0">
    <subfield code="a">Electronic books.</subfield>
  </datafield>
  <datafield tag="700" ind1="1" ind2=" ">
    <subfield code="a">Bastian, Jean-Pierre,</subfield>
    <subfield code="d">1947-</subfield>
    <subfield code="e">editor.</subfield>
  </datafield>
  <datafield tag="700" ind1="1" ind2=" ">
    <subfield code="a">L&#xF3;pez Vega, Dulce Mar&#xED;a,</subfield>
    <subfield code="e">translator.</subfield>
  </datafield>
  <datafield tag="791" ind1="2" ind2=" ">
    <subfield code="a">Digitalia (Firm),</subfield>
    <subfield code="e">distributor.</subfield>
  </datafield>
  <datafield tag="730" ind1="0" ind2=" ">
    <subfield code="i">Translation of:</subfield>
    <subfield code="a">Modernit&#xE9; religieuse en perspective compar&#xE9;e.</subfield>
  </datafield>
  <datafield tag="793" ind1="0" ind2=" ">
    <subfield code="g">Digitalia eBook Collection:</subfield>
    <subfield code="a">Fondo de Cultura Econ&#xF3;mica</subfield>
  </datafield>
  <datafield tag="776" ind1="0" ind2="8">
    <subfield code="i">Print version:</subfield>
    <subfield code="t">Modernidad religiosa.</subfield>
    <subfield code="d">M&#xE9;xico, D.F. : Fondo de Cultura Econ&#xF3;mica, 2004</subfield>
    <subfield code="z">9789681673024</subfield>
  </datafield>
  <datafield tag="830" ind1=" " ind2="0">
    <subfield code="a">Secci&#xF3;n de obras de historia.</subfield>
  </datafield>
  <datafield tag="856" ind1="4" ind2="0">
    <subfield code="3">Digitalia Hisp&#xE1;nica</subfield>
    <subfield code="u">https://www.digitaliapublishing.com/a/43180/</subfield>
  </datafield>
  <datafield tag="910" ind1=" " ind2=" ">
    <subfield code="a">Premium collection: 2017</subfield>
  </datafield>
  <datafield tag="942" ind1=" " ind2=" ">
    <subfield code="c">RAA</subfield>
  </datafield>
  <datafield tag="952" ind1=" " ind2=" ">
    <subfield code="0">0</subfield>
    <subfield code="1">0</subfield>
    <subfield code="4">0</subfield>
    <subfield code="7">0</subfield>
    <subfield code="8">DEH</subfield>
    <subfield code="a">BD-UIN</subfield>
    <subfield code="b">BD-UIN</subfield>
    <subfield code="d">2025-04-25</subfield>
    <subfield code="l">0</subfield>
    <subfield code="r">2025-04-25</subfield>
    <subfield code="w">2025-04-25</subfield>
    <subfield code="y">RAA</subfield>
  </datafield>
  <datafield tag="999" ind1=" " ind2=" ">
    <subfield code="c">247682</subfield>
    <subfield code="d">247682</subfield>
  </datafield>
</record>
